Classification of Sources of Companies Financing in Slovakia through Cluster Analysis Using

Na minha lista:
Detalhes bibliográficos
Autor principal: Antošová, Mária, 1965-
Outros Autores: Seňová, Andrea
Formato: Capítulo de Livro
Idioma:inglês
Tags: Adicionar Tag
Sem tags, seja o primeiro a adicionar uma tag!

MARC

LEADER 00000naa a2200000 4500
001 0311996
005 20260302085539.5
041 0 |a eng 
044 |a RO 
245 1 0 |a Classification of Sources of Companies Financing in Slovakia through Cluster Analysis Using  |c Mária Antošová 
100 1 |a Antošová, Mária, 1965- 
700 1 |a Seňová, Andrea